| 000 | 00832nam a2200217Ia 4500 | ||
|---|---|---|---|
| 001 | 11235 | ||
| 003 | GE_BSU | ||
| 008 | 181216s||||||||xx |||||||||||||| ||und|| | ||
| 040 | _cGE_BSU | ||
| 080 | _a547(075.8) | ||
| 100 | _aგაბრიაძე დ. | ||
| 245 | _aორგანული ქიმია ნაწ 1. ალიფატური ნაერთები | ||
| 245 | _bსახელმძღვ. პედაგოგ. ინ-ტის სტუდენტებისათვის | ||
| 245 | _cრედ: შ. მიქაძე | ||
| 260 | _aთბილისი. | ||
| 260 | _bგანათლება. | ||
| 260 | _c1986 | ||
| 300 | _a431გვ.22სმ. | ||
| 653 | _aორგანული ქიმია ნაწ 1. ალიფატური ნაერთები | ||
| 942 | _cBK | ||
| 999 |
_c44466 _d44466 |
||